Guide to literary agents (Record no. 30632)

MARC details
000 -LEADER
fixed length control field 00488nam a2200181Ia 4500
020 ## - INTERNATIONAL STANDARD BOOK NUMBER
ISBN 1582970114
050 ## - CALL MARK
Classification number PN 163 .G84/
100 ## - STATEMENT OF RESPONSIBILITY--MAIN AUTHOR NAME
Personal name Dickerson, Donya
245 #0 - TITLE STATEMENT
Title Guide to literary agents
260 ## - PUBLICATION, DISTRIBUTION, ETC. (IMPRINT)
Place of publication Ohio
260 ## - PUBLICATION, DISTRIBUTION, ETC. (IMPRINT)
Name of publisher Writer’sDigest Books
260 ## - PUBLICATION, DISTRIBUTION, ETC. (IMPRINT)
Year of publication 200
300 ## - PHYSICAL DESCRIPTION
Number of Pages 394 p
650 ## - SUBJECT ADDED ENTRY--TOPICAL TERM
Topical Term Literary agents--United States--Directories. Literary agents--Canada--Directories.
942 ## - ADDED ENTRY ELEMENTS (KOHA)
Koha item type Books
Holdings
Withdrawn status Lost status Source of classification or shelving scheme Damaged status Not for loan Permanent Location Current Location Date acquired Accession Number Price effective from Koha item type
    Library of Congress Classification     NILE UNIVERSITY OF NIGERIA - MAIN LIBRARY NILE UNIVERSITY OF NIGERIA - MAIN LIBRARY 04/23/2025 0006134 04/23/2025 Books